000 00377nam a2200157Ia 4500
008 230524s9999 xx 000 0 und d
082 _a612
_bDAT
100 _aA.K.Datta
_923878
245 0 _aEssentials of Human Embryology
250 _a5TH
260 _aCALCUTTA
_bCBI
_c2005
300 _aXVIII;315
500 _aQuantity Number: 1
650 _aBiomedical
942 _cBK
999 _c35343
_d35343